Normal view MARC view

Entry Personal Name

Number of records used in: 1

001 - CONTROL NUMBER

  • control field: 9915

003 - CONTROL NUMBER IDENTIFIER

  • control field: DLC

005 - DATE AND TIME OF LATEST TRANSACTION

  • control field: 20231121151718.0

008 - FIXED-LENGTH DATA ELEMENTS

  • fixed length control field: 080630n| acannaabn |a aaa

010 ## - LIBRARY OF CONGRESS CONTROL NUMBER

  • LC control number: n 2008205811

040 ## - CATALOGING SOURCE

  • Original cataloging agency: DLC
  • Language of cataloging: eng
  • Transcribing agency: DLC

100 1# - HEADING--PERSONAL NAME

  • Personal name: Kumar, Atul

400 0# - SEE FROM TRACING--PERSONAL NAME

  • Personal name: Atul Kumar

670 ## - SOURCE DATA FOUND

  • Source citation: Kamla and her magic lantern, c2007:
  • Information found: title frames (Atul Kumar; director)

Powered by Koha